[Event "Vlissingen HZ op 24th"]
[Site "Vlissingen"]
[Date "2022.08.06"]
[Round "1"]
[White "Vrolijk, Liam"]
[Black "Albrecht, Alex"]
[Result "1-0"]
[WhiteElo "2464"]
[BlackElo "1884"]
[PlyCount "49"]
[EventDate "2022.08.06"]
[EventType "swiss"]
[EventRounds "9"]
[EventCountry "NED"]
[SourceTitle "CBM 209 Extra"]
[Source "ChessBase"]
[SourceDate "2022.09.30"]
[SourceVersion "1"]
[SourceVersionDate "2022.09.30"]
[SourceQuality "1"]

1. Nf3 d5 2. e3 e6 3. c4 c6 4. d4 f5 5. Bd3 Nf6 6. 0-0 Bd6 7. b3 Qe7 8. Bb2 0-0 9. Qc1 Ne4 10. Ba3 c5 11. cxd5 exd5 12. Nc3 Nxc3 13. Qxc3 b6 14. dxc5 bxc5 15. Rac1 Nd7 16. Bb5 Bb7 17. Bxd7 Qxd7 18. Bxc5 Rfc8 19. Qd4 Bxc5 20. Rxc5 Rxc5 21. Qxc5 Rc8 22. Qxa7 Ra8 23. Qd4 Rxa2 24. Rc1 Qb5 25. Rc7 1-0

[Event "Vlissingen HZ op 15th"]
[Site "Vlissingen"]
[Date "2011.08.03"]
[Round "6"]
[White "Van den Berg, Bram"]
[Black "Albrecht, Alex"]
[Result "1-0"]
[WhiteElo "2206"]
[BlackElo "1939"]
[PlyCount "63"]
[EventDate "2011.07.30"]
[EventType "swiss"]
[EventRounds "9"]
[EventCountry "NED"]
[SourceTitle "CBM 143 Extra"]
[Source "ChessBase"]
[SourceDate "2011.08.29"]
[SourceVersion "1"]
[SourceVersionDate "2011.08.29"]
[SourceQuality "1"]

1. e4 e6 2. d4 d5 3. e5 c5 4. c3 Qb6 5. Nf3 Bd7 6. Be2 Bb5 7. 0-0 Bxe2 8. Qxe2 Qa6 9. Qc2 Nc6 10. dxc5 Bxc5 11. b4 Be7 12. a4 Qb6 13. a5 Qc7 14. a6 b6 15. Qe2 Qd7 16. Na3 f6 17. Re1 Nxe5 18. Nxe5 fxe5 19. Qxe5 Bf6 20. Qxe6+ Qxe6 21. Rxe6+ Kf7 22. Re3 d4 23. cxd4 Bxd4 24. Rf3+ Nf6 25. Rb1 Rhe8 26. Bf4 Re2 27. Nb5 Rb2 28. Rxb2 Bxb2 29. h3 Kg6 30. Rb3 Nd5 31. Rxb2 Nxf4 32. Rd2 1-0

[Event "Vlissingen HZ op 15th"]
[Site "Vlissingen"]
[Date "2011.08.01"]
[Round "4"]
[White "Padurariu, Ioana Smaranda"]
[Black "Albrecht, Alex"]
[Result "1-0"]
[WhiteElo "2164"]
[BlackElo "1939"]
[PlyCount "72"]
[EventDate "2011.07.30"]
[EventType "swiss"]
[EventRounds "9"]
[EventCountry "NED"]
[SourceTitle "CBM 143 Extra"]
[Source "ChessBase"]
[SourceDate "2011.08.29"]
[SourceVersion "1"]
[SourceVersionDate "2011.08.29"]
[SourceQuality "1"]

1. e4 e6 2. d4 d5 3. Nc3 Bb4 4. e5 c5 5. a3 Bxc3+ 6. bxc3 Qc7 7. Qg4 f5 8. Qg3 cxd4 9. cxd4 Ne7 10. Bd2 0-0 11. Bd3 Nbc6 12. Ne2 Bd7 13. h4 f4 14. Qf3 Nxd4 15. Nxd4 Qxe5+ 16. Kf1 Qxd4 17. Bc3 Qb6 18. Qg4 Rf7 19. Kg1 d4 20. Bd2 Nd5 21. Qh5 Nf6 22. Qe5 Ng4 23. Qe4 g6 24. h5 Nf6 25. Qxf4 Nxh5 26. Qg5 Kh8 27. Bxg6 hxg6 28. Qxg6 Rg7 29. Qxh5+ Kg8 30. Bh6 Be8 31. Qh4 Rg6 32. Be3 e5 33. Qh7+ Kf8 34. Bh6+ Rxh6 35. Rxh6 Qd8 36. Qh8+ Kf7 1-0

[Event "Vlissingen HZ op 15th"]
[Site "Vlissingen"]
[Date "2011.07.31"]
[Round "3"]
[White "Albrecht, Alex"]
[Black "Bijlsma, Nick"]
[Result "1/2-1/2"]
[WhiteElo "1939"]
[BlackElo "2174"]
[PlyCount "121"]
[EventDate "2011.07.30"]
[EventType "swiss"]
[EventRounds "9"]
[EventCountry "NED"]
[SourceTitle "CBM 143 Extra"]
[Source "ChessBase"]
[SourceDate "2011.08.29"]
[SourceVersion "1"]
[SourceVersionDate "2011.08.29"]
[SourceQuality "1"]

1. d4 Nf6 2. c4 g6 3. Nc3 d5 4. cxd5 Nxd5 5. e4 Nxc3 6. bxc3 Bg7 7. Bc4 c5 8. Ne2 Nc6 9. Be3 0-0 10. 0-0 Na5 11. Bd3 cxd4 12. cxd4 b6 13. Qd2 e6 14. Rac1 Bb7 15. f3 Qd7 16. Qb4 Nc6 17. Qb5 Rfd8 18. d5 exd5 19. exd5 Ne5 20. Qxd7 Rxd7 21. Bb5 Rxd5 22. Nc3 Rdd8 23. Bg5 Rdc8 24. Ne4 Rxc1 25. Rxc1 a6 26. Nf6+ Kh8 27. f4 axb5 28. fxe5 Rxa2 29. g3 h6 30. Rc7 hxg5 31. Rxb7 Bxf6 32. exf6 Ra6 33. Kf1 Ra1+ 34. Ke2 Ra2+ 35. Kf3 Rxh2 36. Rxb6 Rb2 37. Kg4 Rf2 38. Kxg5 Rf5+ 39. Kg4 Kh7 40. Rb7 Rxf6 41. Rxb5 Rf2 42. Rb7 Kh6 43. Rb4 f5+ 44. Kh3 Re2 45. Rh4+ Kg5 46. Rb4 Kh6 47. Rh4+ Kg7 48. Rb4 g5 49. Rb7+ Kg6 50. Rb6+ Kh5 51. g4+ fxg4+ 52. Kg3 Re3+ 53. Kf2 Rc3 54. Rb8 g3+ 55. Kg2 Kh4 56. Rb4+ g4 57. Rb5 Rc2+ 58. Kg1 g2 59. Rb3 Ra2 60. Rd3 g3 61. Rxg3 1/2-1/2